000 00474nam a2200121Ia 4500
008 220615s9999||||xx |||||||||||||| ||und||
245 0 _aCulture and Content in French
_bFrameworks for Innovative Curricula
546 _aEnglish[eng]
650 _aLanguage teaching and learning;Teaching of a specific subject
700 _aChevant-Aksoy, Aurélie||Adair Corbin, Kathryne
856 _uhttps://library.oapen.org/bitstream/20.500.12657/53923/1/9781643150260.pdf
942 _cEB
999 _c12418
_d12418